INFOS '89 zborník z 19. informatického seminára konaného v dňoch 4.-6. apríla 1989 na Táloch
Saved in:
| Corporate Author: | |
|---|---|
| Format: | Book |
| Language: | Slovak |
| Published: |
Bratislava
Alfa
1989
|
| Edition: | 1. vyd. |
| Tags: |
No Tags, Be the first to tag this record!
|
MARC
| LEADER | 00000nam a2200000 4500 | ||
|---|---|---|---|
| 001 | c033397 | ||
| 005 | 20230220130150.6 | ||
| 041 | 0 | |a slo | |
| 044 | |a SK | ||
| 245 | 1 | 0 | |a INFOS '89 |b zborník z 19. informatického seminára konaného v dňoch 4.-6. apríla 1989 na Táloch |
| 250 | |a 1. vyd. | ||
| 264 | 1 | |a Bratislava |b Alfa |c 1989 | |
| 300 | |a 160 s. | ||
| 110 | 2 | |a INFOS | |